NOTICE SOMMAIRE DES PRINCIPAUX MONUMENTS : (Record no. 4892)
[ view plain ]
| 000 -الفاتح | |
|---|---|
| حقل البيانات ثابتة الطول | 00555nam a2200181Ia 4500 |
| 008 - عناصر البيانات ثابتة الطول - معلومات عامة | |
| حقل البيانات ثابتة الطول | 140319s9999 xx 000 0 aFre d |
| 040 ## - مصدر الفهرسة | |
| وكالة الفهرسة الأصلية | GCL / |
| وكالة النسخ | GCL |
| 082 04 - رقم تصنيف ديوى العشرى | |
| رقم التصنيف | CC |
| رقم المادة | 069.096 |
| -- | D N |
| 100 1# - المدخل الرئيسى - إسم شخصى | |
| الإسم الشخصى | DARESSY, GEORGES |
| 245 10 - بيان العنوان | |
| العنوان | NOTICE SOMMAIRE DES PRINCIPAUX MONUMENTS : |
| بقية العنوان | EXPOSES AU MUSEE EGYPTIEN DU CAIRE0 . / |
| بيان المسئوليه,etc | DARESSY, GEORGES |
| 250 ## - بيان الطبعة | |
| بيان الطبعة | 1 |
| 260 ## - PUBLICATION, DISTRIBUTION, ETC. (IMPRINT) | |
| تاريخ النشر أو التوزيع | 1925 |
| 300 ## - الوصف المادى | |
| التعداد | 58 P: |
| تفاصيل ماديه اخرى للوعاء | ILL. ؛ |
| أبعاد الوعاء | 16 cm. |
| 650 04 - المدخل الاضافى بالموضوع-مصطلح موضوعى | |
| مصطلح موضوعي | MONUMENTS |
| 650 04 - المدخل الاضافى بالموضوع-مصطلح موضوعى | |
| مصطلح موضوعي | EGYPT, MUSEUMS |
| 942 ## - عناصر المدخل الإضافي( كوها) | |
| مصدر التصنيف او مخطط الترفيف | Dewey Decimal Classification |
| Koha [default] item type | كتاب |
| 260 ## - PUBLICATION, DISTRIBUTION, ETC. (IMPRINT) | |
| -- | القاهرة : |
| -- | IMPRIMERIE DE L'INSTITUT FRANCAIS ، |
| حالة التراجع | حالة الفقد | حالة تلف | ليس للاعارة | المكان المؤقت | الموقع الحالى | تاريخ الاكتساب | اجمالي اﻻعارات | رقم الطلب | الباركود | تاريخ اخر مشاهدة | تاريخ تفعيل السعر | نوع وعاء كوها |
|---|---|---|---|---|---|---|---|---|---|---|---|---|
| مكتبة القاهرة الكبرى | مكتبة القاهرة الكبرى | 03/26/2014 | CC\069.096\ D N | 10907 | 03/26/2014 | 03/26/2014 | كتاب | |||||
| مكتبة القاهرة الكبرى | مكتبة القاهرة الكبرى | 03/26/2014 | CC\069.096\ D N | 10908 | 03/26/2014 | 03/26/2014 | كتاب |

